Proceedings from the ICERP 2016 : International Conference on Environmental Research and Public Health.

Bibliographic Details
Main Author: Zuo, Yuegang.
Format: eBook
Language:English
Published: Warschau/Berlin : Walter de Gruyter GmbH, 2017.
Edition:1st ed.
Subjects:
Online Access:Click to View
LEADER 03969nam a22003733i 4500
001 EBC5494980
003 MiAaPQ
005 20231204023214.0
006 m o d |
007 cr cnu||||||||
008 231204s2017 xx o ||||0 eng d
020 |a 9783110559040  |q (electronic bk.) 
020 |z 9783110559033 
035 |a (MiAaPQ)EBC5494980 
035 |a (Au-PeEL)EBL5494980 
035 |a (OCoLC)1088341455 
040 |a MiAaPQ  |b eng  |e rda  |e pn  |c MiAaPQ  |d MiAaPQ 
100 1 |a Zuo, Yuegang. 
245 1 0 |a Proceedings from the ICERP 2016 :  |b International Conference on Environmental Research and Public Health. 
250 |a 1st ed. 
264 1 |a Warschau/Berlin :  |b Walter de Gruyter GmbH,  |c 2017. 
264 4 |c Ã2019. 
300 |a 1 online resource (252 pages) 
336 |a text  |b txt  |2 rdacontent 
337 |a computer  |b c  |2 rdamedia 
338 |a online resource  |b cr  |2 rdacarrier 
505 0 |a Intro -- Contents -- Preface -- Committees -- Keynote Speech I. Environmental Estrogenic Pollution and Public Health -- Keynote Speech II. Development of Advanced Oxide Nano-materials for Environmental Catalysis Applications -- Water Resource Sustainable Utilization Evaluation. Index System in Jiangsu Coast Reclamation Region -- Study on the TD-GC-MS to Detect HD in Exhaust Gas -- Study on the Regeneration of Waste Lubricating Oil by Porous Nano Adsorption -- The Determination and Application of Characteristic Parameter for Spilled Oil Vertical Concentration Distribution Formula -- Contamination Status and Potential Ecological Risks of Heavy Metal in Sediments from the Qiantang River -- Influence of Atmosphere Environment on Aircraft Heat Exchanger Fouling Growth Characteristics -- The Effect of Meteorological Factors on the Water-pollution Accident Risk Prediction of River-road Intersection by Using Binary Logistic Regression Model -- Climate Change and Water Resources Management: An Integrated Assessment of Temporal Change in Population and Extreme Precipitation -- Valuation of Health Benefit from the Air Quality Improvement in Beijing-Tianjin-Hebei and Surrounding Areas in 2020 -- Enhancement Cationic Dyes Adsorption of Sewage Sludge-based Bio-chars from Solutions by Thermal-alkaline Pretreatment -- Strategies of Functional Foods for Heart Disease Prevention in Human Beings -- Determination of Glyphosate Residue in Genetically Modified Soybean by Protein Precipitator Clean-up and HPLC with OPA Post-column Derivatization -- Preliminary Study on Biological Effects of MiR-702-3p in Epithelial-mesenchymal Transition Induced by Nano-SiO&lt -- sub&gt -- 2&lt -- /sub&gt -- Particles -- Characteristics of Microbial Activities and Soil Nutrients in Soil Profiles of Tibet Alpine Wetlands. 
505 8 |a The Expression Change of GFAP and HMGB1 in Primary Cultured Astrocytes Exposed to Chlorpyrifos and Lipopolysaccharide -- Optimization of Shelf Life of Fresh/Chilled Chicken Using Response Surface Method -- A Method to Evaluate the Energy Consumption, Emission and Cost in China Grain Drying Industry Based on LEAP -- Isolation of Candida Pseudolambica and Characterization of Its Hydrogen Production -- Cancer Trends Predication Based on an Intelligent Method -- Effect of Lead on Reproductive System and Levels of Reproductive Hormones in SD Rats' Gestation Period -- Evidences of Swine Influenza Infections among Swine Workers by One Health Approach. 
588 |a Description based on publisher supplied metadata and other sources. 
590 |a Electronic reproduction. Ann Arbor, Michigan : ProQuest Ebook Central, 2023. Available via World Wide Web. Access may be limited to ProQuest Ebook Central affiliated libraries.  
655 4 |a Electronic books. 
776 0 8 |i Print version:  |a Zuo, Yuegang  |t Proceedings from the ICERP 2016  |d Warschau/Berlin : Walter de Gruyter GmbH,c2017  |z 9783110559033 
797 2 |a ProQuest (Firm) 
856 4 0 |u https://ebookcentral.proquest.com/lib/matrademy/detail.action?docID=5494980  |z Click to View